| 000 | 00500nam a2200109Ia 4500 | ||
|---|---|---|---|
| 008 | 220615s9999||||xx |||||||||||||| ||und|| | ||
| 245 | 0 | _aBeing Human During COVID-19 | |
| 546 | _aEnglish[eng] | ||
| 650 | _acoronavirus; COVID-19; Critical disability studies; Humanity; Inequalities; pandemic; Posthumanities; Power; Science and technology studies; Scientific knowledge; Social exclusion; Transdisciplinarity | ||
| 700 | _aMartin, Paul||de Saille, Stevienna||Liddiard, Kirsty||Pearce, Warren | ||
| 942 | _cEB | ||
| 999 |
_c9235 _d9235 |
||